000
00213nam a22001097a 4500
008
171220b xxu||||| |||| 00| 0 eng d
020
_a
0043303145
041
_a
eng
080
_a
33
100
_a
53
101
_a
ECO
999
_c
39225
_d
39225